Statistiques concernant Les Super Saiyan ( Dragon Ball )

Cliquez ici pour prendre le quiz!

Statistiques générales

  • Ce quiz a été pris 99 fois
  • Le résultat moyen est 15 sur 19

Statistiques - réponses

Réponse% Correct
Broly / S
97%
Gogeta
97%
Goku
97%
Trunks
97%
Trunks / Futur
97%
Vegeta
97%
Gohan
95%
Gohan / Futur
95%
Broly / Z
93%
Goten
92%
Black / Zamasu
85%
Bardock
83%
Gotenks
77%
Kefla / Kafla
60%
Kale / Cali
59%
Vegetto
53%
Cabbe / Cabba
48%
Caulifa / Califa
25%
Yamoshi
23%

Distribution des résultats

Percentile par nombre de réponses

% des personnes avec chaque résultat

Votre développement - résultats

Vous n’avez pas pris ce quiz